000 00820nam a22001697a 4500
999 _c58326
_d58326
003 Ge_BSU
005 20211104162111.0
008 211104s1970 ge ||||| |||| 00| 0 geo d
041 _ageo
080 _a1(1-662)(075.8) მ-56
245 _aXX საუკუნის ბურჟუაზიული ფილოსოფია :
_b [სახელმძღვ. ფილოსოფიის ფაკ-ტის სტუდენტებისათვის].
264 _aთბ. :
_bგანათლება,
_c1970.
300 _a586 გვ. ;
_b22 სმ.
653 _aბურჟუაზიული ფილოსოფია
653 _aსახელმძღვანელოები უმაღლესი სასწავლებლებისათვის.
942 _2udc
_cBK